00718 a2200217 450000500170000000800410001702000150005804000510007304100080012410000100013224501030014226000410024530000400028649000150032665000350034165000240037665000210040070000200042170000380044176500210047920180312141945.0131009s1988 sp a br|||| 00| 0 spa d a8426123341 aCO-BoUCMbspacJose A. GerenadDiana Londoño00aspa0 aDerib10aYakari la gran madrigueracDerib ; [ilustraciones de] Job ; traducción de Concepción Zendrera c1988bJuventudaBarcelona (España) a47 páginasbilustraciones a color aYakariv10 7aLibros ilustrados para niños 7aLiteratura infantil 7aLiteratura suiza0 aJobeilustrador1 aZendrera, Concepciónetraductor tLe grand terrier